| 000 | 00576nam a2200169 a 4500 | ||
|---|---|---|---|
| 005 | 20140310182427.0 | ||
| 008 | 080620s19uu xx 00 eng d | ||
| 020 | _a9789710328307 | ||
| 050 |
_aLB 2805 _b.G326 2007 |
||
| 245 |
_aGeneral Education Advancement Program in English : _ba self-help guide and assessment manual. / |
||
| 260 |
_aPampanga : _bISP Educational Promotion Group, Inc, _c2007. |
||
| 300 |
_a308 p. : _bill. col. ; _c25 cm. |
||
| 650 | _aGeneral Education books. | ||
| 650 |
_aMathematics. _xStudy and teaching. |
||
| 942 |
_cBK _2lcc _kFOR |
||
| 999 |
_c13292 _d13292 |
||